| 000 | 01028nam a22002537a 4500 | ||
|---|---|---|---|
| 005 | 20180226141211.0 | ||
| 010 | _a1617EN ENG-116959 | ||
| 020 |
_a9788131607824 _c1595.00 |
||
| 035 | _aB-648060-8064 | ||
| 035 | _aEN-100491 | ||
| 035 | _aB-664869 | ||
| 037 |
_adpl _bMallika |
||
| 037 | _bDBAD/PUB | ||
| 082 | _a920 | ||
| 100 | _aBendix, Reinhard | ||
| 245 |
_aMax weber : _cby Reinhard Bendix; new introduction by Guenther Roth _ban intellectual portrait / |
||
| 260 |
_aJaipur _bRawat Pub. _c2016 |
||
| 270 |
_aSatyam Apts., Sector-3, Jawahar Nagar, _bJaipur _e302004 |
||
| 300 |
_ali,522p. _c23cm(Hb) |
||
| 500 | _aIncludes index | ||
| 942 |
_2ddc _cEN _mBEN _h920 |
||
| 999 |
_c102454 _d102454 |
||